[Event "RUS-chT Rapid"]
[White "Kezin, Roman"]
[Black "Zhugin, Nikolay"]
[Site "Sochi"]
[Round "3.21"]
[Result "1-0"]
[Date "2023.10.18"]
[WhiteElo "2505"]
[BlackElo "2079"]
[PlyCount "55"]
[EventDate "2023.10.18"]
[EventType "team-swiss (rapid)"]
[EventRounds "9"]
[EventCountry "RUS"]
[SourceTitle "CBM 216 Extra"]
[Source "ChessBase"]
[SourceDate "2023.11.30"]
[SourceVersion "1"]
[SourceVersionDate "2023.11.30"]
[SourceQuality "1"]
[WhiteTeam "Novosibirsk Region"]
[BlackTeam "Krasnodarsk Region Juniors"]
[WhiteTeamCountry "RUS"]
[BlackTeamCountry "RUS"]

1. d4 Nf6 2. c4 g6 3. g3 Bg7 4. Bg2 d5 5. cxd5 Nxd5 6. e4 Nb6 7. Ne2 0-0 8. 0-0 c5 9. dxc5 Qxd1 10. Rxd1 Na4 11. Nbc3 Nxc5 12. Be3 Ne6 13. Rac1 Nc6 14. b3 Rd8 15. Nd5 Bd7 16. b4 Kf8 17. f4 f6 18. b5 Na5 19. f5 Ng5 20. Nc7 Rac8 21. Bxg5 fxg5 22. Rxd7 Rxd7 23. Ne6+ Kf7 24. Rxc8 Rd1+ 25. Kf2 Bh6 26. Rh8 gxf5 27. exf5 Bf8 28. Rxf8# 1-0

[Event "RUS-ch Blitz"]
[White "Drygalov, Andrey"]
[Black "Zhugin, Nikolay"]
[Site "Sochi"]
[Round "1"]
[Result "1/2-1/2"]
[Date "2023.10.14"]
[WhiteElo "2475"]
[BlackElo "2079"]
[PlyCount "58"]
[EventDate "2023.10.14"]
[EventType "swiss (blitz)"]
[EventRounds "13"]
[EventCountry "RUS"]
[SourceTitle "CBM 216 Extra"]
[Source "ChessBase"]
[SourceDate "2023.11.30"]
[SourceVersion "1"]
[SourceVersionDate "2023.11.30"]
[SourceQuality "1"]

1. Nf3 g6 2. e4 c5 3. d4 cxd4 4. Nxd4 Nc6 5. c4 Nf6 6. Nc3 d6 7. Be2 Nxd4 8. Qxd4 Bg7 9. Be3 0-0 10. Qd3 Be6 11. 0-0 Nd7 12. Qd2 a5 13. Rac1 a4 14. f4 Nc5 15. Kh1 Qa5 16. Qc2 a3 17. b3 Bxc3 18. Qxc3 Qxc3 19. Rxc3 Nxe4 20. Rc2 Rfc8 21. Rcc1 Bd7 22. Bf3 Bc6 23. Rfe1 f5 24. Bd4 Kf7 25. Kg1 Nd2 26. Be2 Ne4 27. Bf3 Nd2 28. Be2 Ne4 29. Bf3 Nd2 1/2-1/2

[Event "Sochi Pearl Rapid op"]
[White "Obgolts, Erik"]
[Black "Zhugin, Nikolay"]
[Site "Sochi"]
[Round "7"]
[Result "1/2-1/2"]
[Date "2023.10.10"]
[WhiteElo "2448"]
[BlackElo "2079"]
[PlyCount "59"]
[EventDate "2023.10.09"]
[EventType "swiss (rapid)"]
[EventRounds "11"]
[EventCountry "RUS"]
[SourceTitle "CBM 216 Extra"]
[Source "ChessBase"]
[SourceDate "2023.11.30"]
[SourceVersion "1"]
[SourceVersionDate "2023.11.30"]
[SourceQuality "1"]

1. Nf3 g6 2. e4 c5 3. c3 d5 4. exd5 Qxd5 5. d4 Nc6 6. Be3 cxd4 7. cxd4 e6 8. Nc3 Qa5 9. Bb5 Nge7 10. 0-0 Bg7 11. a3 0-0 12. b4 Qd8 13. Qd2 b6 14. Rac1 Bb7 15. Rfd1 Rc8 16. Bh6 Bxh6 17. Qxh6 Nf5 18. Qf4 Nce7 19. Ne4 Bxe4 20. Qxe4 Qd5 21. Qxd5 Nxd5 22. Ba6 Rxc1 23. Rxc1 h5 24. g3 f6 25. Bb7 Nfe7 26. b5 Kf7 27. a4 Rd8 28. h4 Ke8 29. Kf1 Kd7 30. Ke2 1/2-1/2

[Event "Sochi Pearl Rapid op"]
[White "Zhugin, Nikolay"]
[Black "Vetokhin, Savva"]
[Site "Sochi"]
[Round "6"]
[Result "1-0"]
[Date "2023.10.10"]
[WhiteElo "2079"]
[BlackElo "2400"]
[PlyCount "141"]
[EventDate "2023.10.09"]
[EventType "swiss (rapid)"]
[EventRounds "11"]
[EventCountry "RUS"]
[SourceTitle "CBM 216 Extra"]
[Source "ChessBase"]
[SourceDate "2023.11.30"]
[SourceVersion "1"]
[SourceVersionDate "2023.11.30"]
[SourceQuality "1"]

1. e4 c5 2. Nc3 Nc6 3. Bb5 Nd4 4. Bc4 e6 5. Nf3 a6 6. a4 Nc6 7. d4 cxd4 8. Nxd4 Qc7 9. 0-0 Nf6 10. Ba2 Bb4 11. Qd3 0-0 12. Nce2 Ne5 13. Qb3 Bc5 14. f4 Nc6 15. c3 Nxe4 16. Bb1 Nf6 17. Kh1 d6 18. Be3 e5 19. Nc2 Be6 20. c4 Na5 21. Qc3 Bxc4 22. Bxc5 Bxe2 23. Re1 Qxc5 24. Qxc5 dxc5 25. fxe5 Rfe8 26. Rxe2 Ng4 27. e6 Rxe6 28. Rxe6 fxe6 29. Ba2 c4 30. Re1 Rd8 31. h3 Rd2 32. Na3 Nf2+ 33. Kg1 Nd3 34. Rxe6 Nxb2 35. Re8+ Kf7 36. Rc8 Rd1+ 37. Kh2 Rc1 38. Rc5 b6 39. Rc8 Ke7 40. Bb1 Rc3 41. Nc2 Nxa4 42. Nd4 Nc5 43. Bxh7 Nab3 44. Nf5+ Kd7 45. Rg8 a5 46. Rxg7+ Ke6 47. Rg6+ Ke5 48. Rxb6 a4 49. Rb8 a3 50. Ra8 Nc1 51. Ne7 Kd6 52. Nf5+ Kc7 53. Nd4 Kb7 54. Ra5 a2 55. Nb5 Re3 56. Nd6+ Kc7 57. Nxc4 Re2 58. Rxc5+ Kd8 59. Ra5 Nb3 60. Ra8+ Ke7 61. Bd3 Rf2 62. Kg3 Rf8 63. Rxa2 Rg8+ 64. Kh2 Nc5 65. Bf5 Kf6 66. Rf2 Kg5 67. Nd6 Rb8 68. Ne4+ Nxe4 69. Bxe4 Rb4 70. Bf3 Rb2 71. Rxb2 1-0

[Event "Dzhubga Blitz op"]
[White "Indzhiev, Aldar"]
[Black "Zhugin, Nikolay"]
[Site "Dzhubga"]
[Round "13"]
[Result "1/2-1/2"]
[Date "2023.08.13"]
[WhiteElo "2104"]
[BlackElo "2049"]
[PlyCount "75"]
[EventDate "2023.08.13"]
[EventType "swiss (blitz)"]
[EventRounds "13"]
[EventCountry "RUS"]
[SourceTitle "CBM 215 Extra"]
[Source "ChessBase"]
[SourceDate "2023.09.30"]
[SourceVersion "1"]
[SourceVersionDate "2023.09.30"]
[SourceQuality "1"]

1. e4 c5 2. Nf3 Nc6 3. d4 cxd4 4. Nxd4 e5 5. Nb5 d6 6. N1c3 a6 7. Na3 Be6 8. g3 b5 9. Nd5 Rc8 10. c3 Bxd5 11. exd5 Nce7 12. Bg2 g6 13. Nc2 Bg7 14. a4 Nf6 15. axb5 axb5 16. Nb4 0-0 17. 0-0 Nd7 18. Be3 f5 19. Nc6 Qe8 20. Bg5 Bf6 21. Qd2 e4 22. Ra7 Bxg5 23. Qxg5 Nxc6 24. dxc6 Ne5 25. c7 Qd7 26. Rd1 Rxc7 27. Rxc7 Qxc7 28. Qd2 Rd8 29. Qd5+ Kg7 30. Qxb5 Rb8 31. Qe2 Nd3 32. Rd2 Qa5 33. Rxd3 exd3 34. Qe7+ Kh6 35. Qh4+ Kg7 36. Qe7+ Kh6 37. Qh4+ Kg7 38. Qe7+ 1/2-1/2

[Event "Dzhubga Blitz op"]
[White "Safin, Robert"]
[Black "Zhugin, Nikolay"]
[Site "Dzhubga"]
[Round "3"]
[Result "0-1"]
[Date "2023.08.13"]
[WhiteElo "2207"]
[BlackElo "2049"]
[PlyCount "33"]
[EventDate "2023.08.13"]
[EventType "swiss (blitz)"]
[EventRounds "13"]
[EventCountry "RUS"]
[SourceTitle "CBM 215 Extra"]
[Source "ChessBase"]
[SourceDate "2023.09.30"]
[SourceVersion "1"]
[SourceVersionDate "2023.09.30"]
[SourceQuality "1"]

1. d4 Nf6 2. Nf3 g6 3. g3 Bg7 4. Bg2 d5 5. 0-0 0-0 6. c4 dxc4 7. Na3 c3 8. bxc3 c5 9. Bb2 Qa5 10. Re1 Rd8 11. e4 e6 12. Nc4 Qa6 13. Nfd2 Nc6 14. e5 Ne8 15. dxc5 Bf8 16. Nd6 Qa5 17. Nb3 0-1

[Event "Dzhubga Blitz op"]
[White "Zhugin, Nikolay"]
[Black "Ivlev, Aleksey"]
[Site "Dzhubga"]
[Round "6"]
[Result "1/2-1/2"]
[Date "2023.08.13"]
[WhiteElo "2049"]
[BlackElo "2315"]
[PlyCount "134"]
[EventDate "2023.08.13"]
[EventType "swiss (blitz)"]
[EventRounds "13"]
[EventCountry "RUS"]
[SourceTitle "CBM 215 Extra"]
[Source "ChessBase"]
[SourceDate "2023.09.30"]
[SourceVersion "1"]
[SourceVersionDate "2023.09.30"]
[SourceQuality "1"]

1. e4 c6 2. d4 g6 3. c4 Bg7 4. Nc3 d5 5. cxd5 cxd5 6. e5 Nc6 7. f4 Nh6 8. Nf3 Bg4 9. Be3 Nf5 10. Bf2 Bxf3 11. Qxf3 Ncxd4 12. Qd3 Nc6 13. Qxd5 0-0 14. 0-0-0 Qxd5 15. Nxd5 h5 16. Bd3 Rfd8 17. Be4 e6 18. Nc3 Bh6 19. g3 Nxe5 20. Bxb7 Rab8 21. Ba6 Nc6 22. Rxd8+ Rxd8 23. Rd1 Rxd1+ 24. Kxd1 Bg7 25. Bb5 Nfd4 26. Ba4 Kf8 27. Nb5 Ke7 28. h3 f5 29. a3 Nxb5 30. Bxb5 Bd4 31. Be1 Kd6 32. b4 Ne7 33. Ke2 Nd5 34. Kd3 Bg1 35. Be8 Ne7 36. a4 Kc7 37. b5 Bh2 38. a5 h4 39. gxh4 Bxf4 40. h5 gxh5 41. Bxh5 e5 42. Kc4 e4 43. Bf2 Kb7 44. a6+ Kb8 45. b6 axb6 46. Bxb6 Nc8 47. Bc5 Bd6 48. Bd4 Kc7 49. Bg6 Ne7 50. Bh5 Nc6 51. Bg6 Ne7 52. Bh5 Kc6 53. Be8+ Kc7 54. Bh5 Bh2 55. Bf6 Nc6 56. Bg6 Kb6 57. Bxf5 Kxa6 58. Bxe4 Kb6 59. h4 Bf4 60. Kd5 Nb4+ 61. Ke6 Kc7 62. Kf5 Bc1 63. h5 Kd6 64. Bg7 Na6 65. Kg6 Nc5 66. Bf5 Ne6 67. Bc3 Nf4+ 1/2-1/2

[Event "Dzhubga Blitz op"]
[White "Zhugin, Nikolay"]
[Black "Vastrukhin, Oleg"]
[Site "Dzhubga"]
[Round "4"]
[Result "0-1"]
[Date "2023.08.13"]
[WhiteElo "2049"]
[BlackElo "2343"]
[PlyCount "122"]
[EventDate "2023.08.13"]
[EventType "swiss (blitz)"]
[EventRounds "13"]
[EventCountry "RUS"]
[SourceTitle "CBM 215 Extra"]
[Source "ChessBase"]
[SourceDate "2023.09.30"]
[SourceVersion "1"]
[SourceVersionDate "2023.09.30"]
[SourceQuality "1"]

1. c4 g6 2. Nc3 Bg7 3. g3 c5 4. Bg2 Nc6 5. d3 e6 6. e4 Nge7 7. Nge2 0-0 8. 0-0 a6 9. Be3 Nd4 10. Qd2 Nec6 11. Bh6 b5 12. Bxg7 Kxg7 13. b3 e5 14. f4 d6 15. f5 f6 16. Nd5 Nxe2+ 17. Qxe2 Nd4 18. Qg4 Bb7 19. Ne3 g5 20. h4 h6 21. Qh5 Qe8 22. Qxe8 Rfxe8 23. h5 Bc6 24. Kf2 Reb8 25. Rfb1 a5 26. cxb5 Bxb5 27. Bf1 Ra6 28. Rb2 Rab6 29. Nd5 R6b7 30. Nc3 Bc6 31. Rd2 a4 32. bxa4 Rb4 33. a5 Ra8 34. Rb1 Rxa5 35. Rdb2 Rxb2+ 36. Rxb2 Nb5 37. Nxb5 Bxb5 38. Ke3 Kf7 39. Be2 Ke7 40. Bd1 Kd7 41. a4 Bc6 42. Rb8 Ra8 43. Rxa8 Bxa8 44. Kd2 Kc6 45. Kc3 Kb6 46. Bb3 Ka5 47. Kc4 Bc6 48. g4 Be8 49. Bd1 Bf7+ 50. Kc3 d5 51. exd5 Bxd5 52. Be2 Kxa4 53. Bd1+ Kb5 54. Be2 Kc6 55. Bd1 e4 56. dxe4 Bxe4 57. Kd2 Kd6 58. Ke3 Ke5 59. Be2 Bd5 60. Bd1 c4 61. Bc2 c3 0-1

[Event "Dzhubga Rapid op"]
[White "Zhugin, Nikolay"]
[Black "Potapova, Margarita"]
[Site "Dzhubga"]
[Round "8"]
[Result "1/2-1/2"]
[Date "2023.08.11"]
[WhiteElo "2049"]
[BlackElo "2153"]
[PlyCount "99"]
[EventDate "2023.08.10"]
[EventType "swiss (rapid)"]
[EventRounds "11"]
[EventCountry "RUS"]
[SourceTitle "CBM 215 Extra"]
[Source "ChessBase"]
[SourceDate "2023.09.30"]
[SourceVersion "1"]
[SourceVersionDate "2023.09.30"]
[SourceQuality "1"]

1. e4 c5 2. Nc3 d6 3. d4 cxd4 4. Qxd4 Nc6 5. Qd2 g6 6. b3 Bh6 7. f4 Nf6 8. Bb2 0-0 9. 0-0-0 a5 10. a4 Nb4 11. Kb1 Qb6 12. g3 Bg4 13. Be2 Rac8 14. Bxg4 Nxg4 15. Nd5 Nxd5 16. exd5 Bg7 17. Bxg7 Kxg7 18. Nh3 Ne3 19. Rc1 Qc5 20. c4 Nf5 21. g4 Qd4 22. Qxa5 Qd3+ 23. Kb2 Qxh3 24. gxf5 Qxf5 25. Qc3+ Kg8 26. Rhe1 e6 27. dxe6 fxe6 28. Qe3 Rf6 29. Rcd1 Rc6 30. Rd4 Qh5 31. Re4 d5 32. cxd5 Qxd5 33. Rd4 Qa5 34. Red1 Rc8 35. Rd7 Qb4 36. R1d4 Qb6 37. R7d6 Qc7 38. Rd2 Qg7 39. Ka2 Re8 40. Rd7 Rf7 41. Rxf7 Qxf7 42. Qe4 Rf8 43. Rd4 Rc8 44. Rb4 Rc7 45. Rb6 Re7 46. Qe5 Qf5 47. Qb8+ Kf7 48. Rxb7 Qc2+ 49. Ka3 Qc5+ 50. Ka2 1/2-1/2

[Event "Dzhubga op"]
[White "Kalinin, Sergey"]
[Black "Zhugin, Nikolay"]
[Site "Dzhubga"]
[Round "9"]
[Result "1-0"]
[Date "2023.08.09"]
[WhiteElo "2197"]
[BlackElo "2049"]
[PlyCount "53"]
[EventDate "2023.08.01"]
[EventType "swiss"]
[EventRounds "9"]
[EventCountry "RUS"]
[SourceTitle "EXT 2024"]
[Source "ChessBase"]
[SourceDate "2023.10.10"]
[SourceVersion "1"]
[SourceVersionDate "2023.10.10"]
[SourceQuality "1"]

1. e4 c5 2. Nf3 Nc6 3. c3 d5 4. exd5 Qxd5 5. d4 Bf5 6. Be3 e6 7. Be2 cxd4 8. Nxd4 Nxd4 9. Qxd4 Qxg2 10. Bb5+ Ke7 11. Qd7+ Kf6 12. Rf1 e5 13. Qd2 g5 14. Na3 Bxa3 15. bxa3 Ne7 16. Qd6+ Be6 17. f4 gxf4 18. Rxf4+ exf4 19. Bd4+ Kg6 20. 0-0-0 Nf5 21. Bd3 Kh5 22. Qe5 Qh3 23. Be2+ f3 24. Rd3 Qh4 25. Rxf3 Kh6 26. Rh3 Qxh3 27. Qf6# 1-0

[Event "Dzhubga op"]
[White "Bimiev, Ahmad"]
[Black "Zhugin, Nikolay"]
[Site "Dzhubga"]
[Round "5"]
[Result "1/2-1/2"]
[Date "2023.08.05"]
[WhiteElo "2230"]
[BlackElo "2049"]
[PlyCount "80"]
[EventDate "2023.08.01"]
[EventType "swiss"]
[EventRounds "9"]
[EventCountry "RUS"]
[SourceTitle "CBM 215 Extra"]
[Source "ChessBase"]
[SourceDate "2023.09.30"]
[SourceVersion "1"]
[SourceVersionDate "2023.09.30"]
[SourceQuality "1"]

1. c4 c5 2. g3 Nc6 3. Bg2 g6 4. Nf3 Bg7 5. Nc3 d6 6. 0-0 e5 7. Ne1 Be6 8. Nd5 Nge7 9. d3 0-0 10. Nc2 Rb8 11. a4 Qd7 12. Nxe7+ Nxe7 13. b4 cxb4 14. Nxb4 e4 15. Rb1 a5 16. Nd5 Bxd5 17. cxd5 Nxd5 18. Bd2 Nc3 19. Bxc3 Bxc3 20. Qb3 Bb4 21. Bxe4 Qe6 22. Rfc1 b5 23. axb5 Rxb5 24. Qxe6 fxe6 25. Bc6 Rc5 26. d4 Rxc1+ 27. Rxc1 Rc8 28. Rc2 Kg7 29. Kf1 Kf6 30. e3 e5 31. d5 Rc7 32. Rc4 g5 33. h4 h6 34. Ke2 Rc8 35. h5 Rb8 36. Kf3 Rf8 37. g4 Ke7+ 38. Ke2 Bc5 39. Ra4 Bb4 40. Ra2 Kd8 1/2-1/2

[Event "Dzhubga op"]
[White "Zhugin, Nikolay"]
[Black "Demidov, Mikhail"]
[Site "Dzhubga"]
[Round "2"]
[Result "0-1"]
[Date "2023.08.02"]
[WhiteElo "2049"]
[BlackElo "2566"]
[PlyCount "108"]
[EventDate "2023.08.01"]
[EventType "swiss"]
[EventRounds "9"]
[EventCountry "RUS"]
[SourceTitle "CBM 215 Extra"]
[Source "ChessBase"]
[SourceDate "2023.09.30"]
[SourceVersion "1"]
[SourceVersionDate "2023.09.30"]
[SourceQuality "1"]

1. e4 e6 2. d4 d5 3. Nd2 Nc6 4. Ngf3 Nf6 5. e5 Nd7 6. c3 f6 7. exf6 Qxf6 8. Be2 Bd6 9. Nf1 Qe7 10. Bg5 Nf6 11. Ne3 Bd7 12. Qc2 h6 13. Bh4 0-0-0 14. 0-0-0 Kb8 15. Rhe1 Bf4 16. Bb5 Nb4 17. Qe2 Bxb5 18. Qxb5 Nc6 19. Bg3 Qd6 20. Kb1 g5 21. Qd3 Rdf8 22. Re2 Ne4 23. Rde1 Qd7 24. Ng4 Qh7 25. Qc2 a6 26. Bxf4 Rxf4 27. Nfe5 Nxe5 28. Nxe5 Rxf2 29. Rxf2 Nxf2 30. Qxh7 Rxh7 31. Rf1 Ne4 32. Rf8+ Ka7 33. Re8 c5 34. Rxe6 cxd4 35. cxd4 Rc7 36. a3 h5 37. g3 Rh7 38. Re8 h4 39. g4 Rc7 40. Rg8 b5 41. Rg6 Kb7 42. Nf3 a5 43. Nxg5 Nd2+ 44. Ka2 Rc2 45. Ne6 Nc4 46. Nc5+ Kc7 47. Rh6 Rxb2+ 48. Ka1 Rxh2 49. a4 Na3 50. axb5 Nxb5 51. g5 Nc3 52. Rh7+ Kc6 53. Rh6+ Kb5 54. g6 Ra2# 0-1

[Event "Novorossiysk Small Land Blitz op"]
[White "Nikonov, Lev"]
[Black "Zhugin, Nikolay"]
[Site "Novorossiysk"]
[Round "8"]
[Result "1-0"]
[Date "2023.07.29"]
[WhiteElo "1834"]
[BlackElo "2030"]
[PlyCount "61"]
[EventDate "2023.07.29"]
[EventType "swiss (blitz)"]
[EventRounds "13"]
[EventCountry "RUS"]
[SourceTitle "CBM 215 Extra"]
[Source "ChessBase"]
[SourceDate "2023.09.30"]
[SourceVersion "1"]
[SourceVersionDate "2023.09.30"]
[SourceQuality "1"]

1. d4 Nf6 2. c4 g6 3. Nc3 d5 4. g3 Bg7 5. Bg2 dxc4 6. Qa4+ Nbd7 7. Qxc4 Nb6 8. Qd3 0-0 9. Nf3 Nfd7 10. 0-0 c5 11. d5 c4 12. Qc2 Nf6 13. Rd1 Qe8 14. a4 e6 15. d6 Bd7 16. e4 e5 17. Be3 Bc6 18. a5 Nc8 19. Bc5 Nd7 20. Bb4 f5 21. Nd5 Qf7 22. Ng5 Qe8 23. Nc7 Qd8 24. Nge6 Qf6 25. Nxf8 Bxf8 26. Nxa8 Nxd6 27. Bxd6 Bxd6 28. Qd2 Bb8 29. exf5 Bxg2 30. Kxg2 Qc6+ 31. Kg1 1-0

[Event "Novorossiysk Small Land op"]
[White "Volkov, Maksim"]
[Black "Zhugin, Nikolay"]
[Site "Novorossiysk"]
[Round "9"]
[Result "1/2-1/2"]
[Date "2023.07.25"]
[WhiteElo "2235"]
[BlackElo "2030"]
[PlyCount "57"]
[EventDate "2023.07.17"]
[EventType "swiss"]
[EventRounds "9"]
[EventCountry "RUS"]
[SourceTitle "CBM 215 Extra"]
[Source "ChessBase"]
[SourceDate "2023.09.30"]
[SourceVersion "1"]
[SourceVersionDate "2023.09.30"]
[SourceQuality "1"]

1. d4 Nf6 2. c4 g6 3. g3 c6 4. Bg2 d5 5. Nf3 Bg7 6. 0-0 dxc4 7. a4 c5 8. Na3 Nc6 9. dxc5 Qxd1 10. Rxd1 Ne4 11. Nxc4 Be6 12. Nfe5 Nxe5 13. Nxe5 Nxc5 14. Be3 Rc8 15. Bxc5 Rxc5 16. Nd3 Rc2 17. Rac1 Bb3 18. Rxc2 Bxc2 19. Rc1 Bxd3 20. exd3 Kd7 21. Bxb7 Rb8 22. Bc6+ Kd8 23. Bb5 Bxb2 24. Rc4 Rb6 25. Rc6 Rb8 26. Rc4 Rb6 27. Rc6 Rb8 28. Rc4 Rb6 29. Rc6 1/2-1/2

[Event "Novorossiysk Small Land op"]
[White "Polkovnikyan, Artem"]
[Black "Zhugin, Nikolay"]
[Site "Novorossiysk"]
[Round "7"]
[Result "0-1"]
[Date "2023.07.23"]
[WhiteElo "1760"]
[BlackElo "2030"]
[PlyCount "80"]
[EventDate "2023.07.17"]
[EventType "swiss"]
[EventRounds "9"]
[EventCountry "RUS"]
[SourceTitle "CBM 215 Extra"]
[Source "ChessBase"]
[SourceDate "2023.09.30"]
[SourceVersion "1"]
[SourceVersionDate "2023.09.30"]
[SourceQuality "1"]

1. e4 c5 2. Nc3 Nc6 3. Bb5 e5 4. d3 a6 5. Bc4 b5 6. Bb3 d6 7. a4 b4 8. Nd5 f5 9. Bg5 Qxg5 10. Nc7+ Kd8 11. Nxa8 Nd4 12. Kf1 Nxb3 13. cxb3 Bb7 14. Nb6 fxe4 15. dxe4 Bxe4 16. Nf3 Qf5 17. Nc4 Kc7 18. Ne3 Qg6 19. h4 Nf6 20. Rh3 Bb7 21. Rc1 e4 22. Ne1 Kb8 23. Rg3 Qf7 24. Qd2 d5 25. Nf5 Nh5 26. Rg5 h6 27. Rxh5 Qxh5 28. Qf4+ Ka8 29. Nd6 Qg6 30. Nf7 Rg8 31. Qc7 Qc6 32. Qe5 Qd7 33. Qf4 Be7 34. Qg3 Qe6 35. Ne5 Bd6 36. f4 g5 37. Qg4 Qxg4 38. Nxg4 Rf8 39. Nxh6 Rxf4+ 40. Ke2 gxh4 0-1

[Event "Sochi City Park op"]
[White "Zhugin, Nikolay"]
[Black "Mokshanov, Igor"]
[Site "Sochi"]
[Round "4"]
[Result "1-0"]
[Date "2022.09.18"]
[WhiteElo "2020"]
[BlackElo "1877"]
[PlyCount "71"]
[EventDate "2022.09.15"]
[EventType "swiss"]
[EventRounds "9"]
[EventCountry "RUS"]
[SourceTitle "EXT 2023"]
[Source "ChessBase"]
[SourceDate "2022.10.05"]
[SourceVersion "1"]
[SourceVersionDate "2022.10.05"]
[SourceQuality "1"]

1. c4 e5 2. g3 Nf6 3. Bg2 Nc6 4. Nc3 Bb4 5. e4 Bxc3 6. dxc3 d6 7. Ne2 Be6 8. b3 Qd7 9. h3 0-0 10. g4 Ne7 11. Ng3 c6 12. Ba3 Rfd8 13. Qc2 Ng6 14. 0-0-0 Qc7 15. g5 Ne8 16. h4 Nf4 17. Bf3 a5 18. Ne2 a4 19. Kb2 b5 20. Nxf4 exf4 21. cxb5 Rdb8 22. Be2 Qa7 23. Ra1 c5 24. c4 Nc7 25. Bd3 Qa5 26. e5 d5 27. Kc1 dxc4 28. bxc4 g6 29. h5 Nxb5 30. cxb5 Bd5 31. Rd1 Bf3 32. hxg6 hxg6 33. Bc4 Kg7 34. Rd7 Qe1+ 35. Kb2 Qxe5+ 36. Qc3 1-0

[Event "Sochi City Park op"]
[White "Oganian, Miran"]
[Black "Zhugin, Nikolay"]
[Site "Sochi"]
[Round "2"]
[Result "1-0"]
[Date "2022.09.16"]
[WhiteElo "2437"]
[BlackElo "2020"]
[PlyCount "125"]
[EventDate "2022.09.15"]
[EventType "swiss"]
[EventRounds "9"]
[EventCountry "RUS"]
[SourceTitle "EXT 2023"]
[Source "ChessBase"]
[SourceDate "2022.10.05"]
[SourceVersion "1"]
[SourceVersionDate "2022.10.05"]
[SourceQuality "1"]

1. b3 c5 2. Bb2 Nc6 3. e3 e6 4. Nf3 Nf6 5. c4 b6 6. g3 Bb7 7. Bg2 Be7 8. 0-0 0-0 9. Qe2 d5 10. d3 Qd7 11. Rd1 Rfd8 12. Nc3 Qe8 13. Ne1 Na5 14. f4 a6 15. g4 h6 16. g5 hxg5 17. fxg5 Nh7 18. h4 b5 19. Qg4 f5 20. Qe2 Nf8 21. cxd5 exd5 22. Qf2 Ng6 23. Ne2 Qf7 24. h5 Bxg5 25. Nf3 Bh6 26. hxg6 Qxg6 27. Ne5 Qd6 28. d4 c4 29. Ng3 g6 30. Nf1 Rac8 31. bxc4 dxc4 32. Bxb7 Nxb7 33. Qg2 Rc7 34. Rac1 Rdc8 35. Re1 Nd8 36. Rc2 c3 37. Bc1 b4 38. Ng3 Bg7 39. Nd3 a5 40. Nc5 Ne6 41. Nxe6 Qxe6 42. Ne2 Bh6 43. Qh3 Qe4 44. Ng3 Qxc2 45. Qxh6 Rh7 46. Qxg6+ Rg7 47. Qd6 Qxa2 48. d5 Re8 49. e4 Qb1 50. Kf2 Qc2+ 51. Ke3 Qg2 52. Kd4 Qxg3 53. Qxg3 Rxg3 54. e5 b3 55. Ba3 b2 56. d6 Kf7 57. d7 Rd8 58. e6+ Kf6 59. Bd6 b1Q 60. Rxb1 Rg4+ 61. Kd5 Re4 62. Bc7 Rxd7+ 63. exd7 1-0

[Event "Olginka Orbit op"]
[White "Zhugin, Nikolay"]
[Black "Alpin, Maxim"]
[Site "Olginka"]
[Round "4"]
[Result "1-0"]
[Date "2022.08.19"]
[WhiteElo "1956"]
[BlackElo "2116"]
[PlyCount "69"]
[EventDate "2022.08.16"]
[EventType "swiss"]
[EventRounds "9"]
[EventCountry "RUS"]
[SourceTitle "CBM 209 Extra"]
[Source "ChessBase"]
[SourceDate "2022.09.30"]
[SourceVersion "1"]
[SourceVersionDate "2022.09.30"]
[SourceQuality "1"]

1. e4 c5 2. Nf3 Nc6 3. d4 cxd4 4. Nxd4 Nf6 5. Nc3 e6 6. Nxc6 bxc6 7. e5 Nd5 8. Ne4 c5 9. Be2 Bb7 10. 0-0 Qc7 11. Nd6+ Bxd6 12. exd6 Qb6 13. c4 Nf6 14. Be3 Be4 15. Qd2 0-0 16. Rfd1 a5 17. Qc3 Rfc8 18. Qe5 Qc6 19. f3 Bg6 20. h4 Ne8 21. h5 f6 22. Qh2 Bf7 23. h6 g6 24. Qh4 Ra6 25. f4 Qb6 26. Rd2 Qd8 27. Rad1 Rcc6 28. Bf3 Rxd6 29. Rxd6 Nxd6 30. Bxc5 Nf5 31. Qf2 Qc7 32. b3 Nxh6 33. Ba3 Be8 34. Qh4 Kg7 35. Qxh6+ 1-0

[Event "Tuapse Rapid op"]
[White "Moiseenko, Vadim"]
[Black "Zhugin, Nikolay"]
[Site "Tuapse"]
[Round "10"]
[Result "1-0"]
[Date "2022.06.28"]
[WhiteElo "2546"]
[BlackElo "2088"]
[PlyCount "77"]
[EventDate "2022.06.26"]
[EventType "swiss (rapid)"]
[EventRounds "11"]
[EventCountry "RUS"]
[SourceTitle "CBM 209 Extra"]
[Source "ChessBase"]
[SourceDate "2022.09.30"]
[SourceVersion "1"]
[SourceVersionDate "2022.09.30"]
[SourceQuality "1"]

1. Nf3 c5 2. c4 Nc6 3. Nc3 g6 4. e3 Nf6 5. d4 cxd4 6. exd4 d5 7. cxd5 Nxd5 8. Qb3 Nxc3 9. Bc4 Nd5 10. Bxd5 e6 11. Bxc6+ bxc6 12. 0-0 Qd5 13. Qc3 f6 14. Re1 Kf7 15. Bf4 Be7 16. a3 a5 17. Nd2 Bd7 18. Nc4 a4 19. Rac1 Ra6 20. Qg3 h5 21. h4 Rg8 22. Bd6 Bd8 23. Bc7 Ra7 24. Bxd8 Rxd8 25. Qf4 Kg7 26. Ne3 Qb3 27. Qd6 Re8 28. Nc4 Qb5 29. Qg3 Qb8 30. Nd6 Rd8 31. Re3 Kh7 32. Rc5 Ra6 33. Rf3 Rf8 34. Rc4 Kg7 35. Rb4 Rb6 36. Rxa4 Rxb2 37. Kh2 Rb1 38. Ra5 Qc7 39. Nf5+ 1-0

[Event "Tuapse Rapid op"]
[White "Zhugin, Nikolay"]
[Black "Iljushin, Alexei"]
[Site "Tuapse"]
[Round "8"]
[Result "0-1"]
[Date "2022.06.27"]
[WhiteElo "2088"]
[BlackElo "2442"]
[PlyCount "96"]
[EventDate "2022.06.26"]
[EventType "swiss (rapid)"]
[EventRounds "11"]
[EventCountry "RUS"]
[SourceTitle "CBM 209 Extra"]
[Source "ChessBase"]
[SourceDate "2022.09.30"]
[SourceVersion "1"]
[SourceVersionDate "2022.09.30"]
[SourceQuality "1"]

1. c4 e5 2. Nc3 Nf6 3. g3 d5 4. cxd5 Nxd5 5. Bg2 Nb6 6. d3 Be7 7. e3 0-0 8. Nge2 c6 9. 0-0 Bg4 10. d4 N8d7 11. h3 Be6 12. b3 Bb4 13. Bb2 Qe7 14. Qc2 f6 15. Rfd1 Kh8 16. dxe5 Nxe5 17. Nf4 Bg8 18. Nce2 a5 19. Nd4 a4 20. Nf5 Qf7 21. Qe4 Be7 22. Bc3 Rfe8 23. Nxe7 Qxe7 24. Qd4 Qc7 25. Bb4 axb3 26. Bd6 Qd8 27. axb3 Rxa1 28. Rxa1 Nc8 29. Bc5 b6 30. Qxd8 Rxd8 31. Bd4 c5 32. Bc3 Bxb3 33. Ra8 Nf7 34. h4 Ncd6 35. Ra6 b5 36. Ba5 Rc8 37. Nd3 Bc2 38. Ne1 Be4 39. Bf1 Ra8 40. Rxa8+ Bxa8 41. Nd3 c4 42. Ne1 Ne5 43. Be2 Bd5 44. f3 Nc6 45. Bc7 Ne8 46. Bb6 b4 47. e4 Be6 48. Be3 b3 0-1

[Event "Tuapse Rapid op"]
[White "Zhugin, Nikolay"]
[Black "Tekeyev, Zaur"]
[Site "Tuapse"]
[Round "2"]
[Result "1/2-1/2"]
[Date "2022.06.26"]
[WhiteElo "2088"]
[BlackElo "2396"]
[PlyCount "50"]
[EventDate "2022.06.26"]
[EventType "swiss (rapid)"]
[EventRounds "11"]
[EventCountry "RUS"]
[SourceTitle "CBM 209 Extra"]
[Source "ChessBase"]
[SourceDate "2022.09.30"]
[SourceVersion "1"]
[SourceVersionDate "2022.09.30"]
[SourceQuality "1"]

1. d4 Nf6 2. c4 d6 3. Nc3 e5 4. dxe5 dxe5 5. Qxd8+ Kxd8 6. Nf3 Nfd7 7. Ng5 Ke8 8. f4 c6 9. g3 Na6 10. Bd2 Nb6 11. b3 f6 12. Nf3 exf4 13. gxf4 Kf7 14. 0-0-0 Ba3+ 15. Kc2 Re8 16. e4 Nd7 17. Bg2 Ndc5 18. f5 Nb4+ 19. Kb1 Nxe4 20. Nxe4 Bxf5 21. Rhe1 Nd3 22. Nh4 Nxe1 23. Rxe1 Bg4 24. Kc2 g5 25. Bf3 Bf5 1/2-1/2